Romances de la barriada / (Record no. 25496)

MARC details
000 -LEADER
campo de control de longitud fija 00413nam a2200145 i 4500
001 - NÚMERO DE CONTROL
campo de control 25496
003 - IDENTIFICADOR DE NÚMERO DE CONTROL
campo de control ES-MaACL
007 - CAMPO FIJO DE DESCRIPCIÓN FÍSICA--INFORMACIÓN GENERAL
campo de control de longitud fija t|
008 - DATOS DE LONGITUD FIJA--INFORMACIÓN GENERAL
campo de control de longitud fija 021226s1938 sp ||||1| spa d
100 1# - ENTRADA PRINCIPAL--NOMBRE DE PERSONA
Nombre de persona Arce y Valladares, Manuel José.
9 (RLIN) 22469
245 10 - MENCIÓN DEL TÍTULO
Título Romances de la barriada /
Mención de responsabilidad, etc. [Manuel José Arce y Valladares].
260 ## - PUBLICACIÓN, DISTRIBUCIÓN, ETC.
Lugar de publicación, distribución, etc. [s.l. :
Nombre del editor, distribuidor, etc. s.n.,
Fecha de publicación, distribución, etc. 1938]
300 ## - DESCRIPCIÓN FÍSICA
Extensión 106 p. ;
Dimensiones 21 cm.
852 ## - LOCALIZACIÓN
Ubicación ES-MaACL
Número de control de estantería C-8764
Sublocalización o colección R.36645
Holdings
Estatus retirado Estado de pérdida Estado de daño No para préstamo Biblioteca de origen Biblioteca actual Ubicación en estantería Fecha de adquisición Fuente de adquisición Total de préstamos Signatura topográfica completa Código de barras Visto por última vez Precio de reemplazo Tipo de ítem Koha
        Biblioteca del Ateneo de Madrid Biblioteca del Ateneo de Madrid Sala Palomar 17/01/2008     C-8764 1026289 23/02/2023 23/02/2023 Libro impreso